| 000 | 00384nam a22001577a 4500 | ||
|---|---|---|---|
| 005 | 20260529113447.0 | ||
| 008 | 260529b |||||||| |||| 00| 0 eng d | ||
| 041 | _2ENGLISH | ||
| 100 | _aDESIGN MEDIA | ||
| 245 | _aPACKAGING AND EVALUTION | ||
| 250 | _a2019 | ||
| 260 |
_aUK _bDESIGN MEDIA PUBLISHING LIMILTED _c1/12/2025 |
||
| 300 | _aH-200 | ||
| 365 | _b2341.00 | ||
| 942 | _cBK | ||
| 999 |
_c1222279 _d1222279 |
||